Statistics for Only The Poets - Crash (Lyrics)

Click here to take the quiz!

General Stats

  • This quiz has been taken 9 times
  • The average score is 231 of 260

Answer Stats

Answer% Correct
a
100%
about
100%
am
100%
Am
100%
broken
100%
'cause
100%
crash
100%
crash?
100%
we're
100%
do
100%
feel
100%
feel,
100%
glass
100%
good
100%
good,
100%
I
100%
it
100%
it's
100%
just
100%
like
100%
me
100%
me,
100%
so
100%
Still
100%
the
100%
these
100%
this
100%
to
100%
too
100%
we're
100%
We're
100%
When
100%
when
100%
Why
100%
why
100%
wrong
100%
wrong,
100%
all
86%
All
86%
but
86%
Control
86%
I'm
86%
last
86%
motion,
86%
nights
86%
of
86%
rolling,
86%
self-sabotage
86%
sick
86%
Slow
86%
want
86%
you,
86%
you
86%
better
71%
Can't
71%
can't
71%
Even
71%
make
71%
And
57%
crowded
57%
detached
57%
feeling
57%
help
57%
in
57%
now
57%
numb
57%
right
57%
room,
57%
seem
57%
watch
57%
with
57%
ceiling
43%
pain
43%
ride
43%
through
43%
up,
43%
fall
29%
wake
29%
find
14%

Score Distribution

Percentile by Number Answered

Percent of People with Each Score

Your Score History

You have not taken this quiz